| 000 | 01139nam a2200241Ia 4500 | ||
|---|---|---|---|
| 001 | 513 | ||
| 003 | GE_BSU | ||
| 008 | 181216s||||||||xx |||||||||||||| ||und|| | ||
| 020 | _a9789941401636 | ||
| 040 | _cGE_BSU | ||
| 080 | _a811.353.1=811.14'02 | ||
| 245 | _aძველი ბერძნული ენა | ||
| 245 | _bსაკითხავი ტექსტები და სავარჯიშოები. ძველბერძნულ-ქართული ლექსიკონი. ქართულ-ბერძნული ლექსიკონი. ივ. ჯავახიშვილის სახ. თბილისის სახ. უნ-ტი | ||
| 245 | _cშემდგ. აბესაძე ქეთევან | ||
| 260 | _aთბილისი | ||
| 260 | _c2009 | ||
| 300 | _a198 გვ. | ||
| 541 | _h20 ლ. | ||
| 653 | _aქართულ-ბერძნული ლექსიკონი | ||
| 653 | _aძველბერძნულ-ქართული ლექსიკონი | ||
| 653 | _aძველი ბერძნული ენა | ||
| 942 | _cBK | ||
| 999 |
_c34726 _d34726 |
||